Water resources usage and air pollution in the case of selected transitive countries
Salvato in:
| Autore principale: | |
|---|---|
| Natura: | Capitolo di libro |
| Lingua: | inglese |
| Soggetti: | |
| Tags: |
Nessun Tag, puoi essere il primo ad aggiungerne!!
|
MARC
| LEADER | 00000naa$a2200000$$$4500 | ||
|---|---|---|---|
| 001 | 0226256 | ||
| 005 | 20240502083605.5 | ||
| 041 | 0 | |a eng | |
| 044 | |a TH | ||
| 245 | 1 | 0 | |a Water resources usage and air pollution in the case of selected transitive countries |c Leonid Raneta |
| 500 | |a Abstrakt | ||
| 610 | 2 | 0 | |a zdroje vodné |
| 610 | 2 | 0 | |a znečistenie vôd |
| 610 | 2 | 0 | |a znečistenie ovzdušia |
| 610 | 2 | 0 | |a ekológia |
| 610 | 2 | 0 | |a ekonomika environmentálna |
| 610 | 2 | 0 | |a ekologizácia |
| 610 | 2 | 0 | |a krajiny tranzitívne |
| 610 | 2 | 0 | |a Moldavsko |
| 100 | 1 | |a Raneta, Leonid, 1982- | |